000 00916nas a2200301 4500
001 BR0202925
003 BR-BrBNA
005 20231205103022.0
007 ta
008 230509b bl.|||p| |||| 00| 00por d
040 _aBR-BrBNA
_bpor
_cBiblioteca Nacional de Agricultura
041 _a(Pt)
072 _aF60
100 1 _aNogueira, R.J.M.C.
100 1 _aMoraes, J.A.P. de
100 1 _aBurity, H.A.
100 1 _aSilva Júnior, J.F. da
245 1 _aEfeito do estádio de maturação dos frutos nas características físico-químicas de acerola
650 _aACEROLA
650 _aFRUTO
650 _aMATURAÇÃO
650 _aPROPRIEDADE FÍSICO-QUÍMICA
650 _aVITAMINA C
650 _aQUALIDADE
773 0 _tPesquisa Agropecuária Brasileira (Brazil)
_xISSN 0100-204X
_g(Apr 2002), v. 37(4) p. 463-470
_wBR0202925
909 _a202311
_bLúcia
_c55
_dLúcia Elande
942 _2AGRIS
_n0
_cANA
999 _c170601
_d170601